[Event "Kampala Zabasajja Memorial"]
[Site "Kampala"]
[Date "2020.01.31"]
[Round "1"]
[White "Nakirya, Victoria"]
[Black "Gonza, Simon"]
[Result "0-1"]
[WhiteElo "1363"]
[BlackElo "2136"]
[PlyCount "54"]
[EventDate "2020.01.31"]
[EventType "swiss"]
[EventRounds "7"]
[EventCountry "UGA"]
[SourceTitle "EXT 2021"]
[Source "ChessBase"]
[SourceDate "2020.10.23"]
[SourceVersion "1"]
[SourceVersionDate "2020.10.23"]
[SourceQuality "1"]

1. e4 c6 2. d4 d5 3. Nc3 dxe4 4. Nxe4 Bf5 5. Nc5 e5 6. Nxb7 Qc7 7. Nc5 exd4 8. Qxd4 Nf6 9. Bd3 Bg4 10. h3 Bh5 11. Bf4 Bxc5 12. Bxc7 Bxd4 13. Rb1 Nd5 14. Ba5 Nd7 15. Ne2 Bb6 16. Bxb6 axb6 17. a3 0-0 18. 0-0 Bxe2 19. Bxe2 Rfe8 20. Bf3 Ne5 21. Be4 Nc4 22. Rfe1 Nd2 23. Bxh7+ Kxh7 24. Rbd1 Rxe1+ 25. Rxe1 Nc4 26. Rb1 Re8 27. c3 Re2 0-1

[Event "UGA-chT"]
[Site "Kampala"]
[Date "2019.07.14"]
[Round "2.2"]
[White "Were, Samuel"]
[Black "Gonza, Simon"]
[Result "0-1"]
[WhiteElo "1807"]
[BlackElo "2134"]
[PlyCount "66"]
[EventDate "2019.07.14"]
[EventType "team-swiss"]
[EventRounds "14"]
[EventCountry "UGA"]
[SourceTitle "CBM 195 Extra"]
[Source "ChessBase"]
[SourceDate "2020.05.31"]
[SourceVersion "1"]
[SourceVersionDate "2020.05.31"]
[SourceQuality "1"]
[WhiteTeam "Chess Dynasty CC"]
[BlackTeam "Kireka CC"]
[WhiteTeamCountry "UGA"]
[BlackTeamCountry "UGA"]

1. e4 e6 2. Nc3 d5 3. d4 Bb4 4. e5 c5 5. a3 Bxc3+ 6. bxc3 Qc7 7. Qg4 f5 8. Qg3 cxd4 9. cxd4 Ne7 10. c3 0-0 11. Bd2 Nbc6 12. Nh3 Na5 13. Nf4 Nb3 14. Rb1 Nxd2 15. Kxd2 Nc6 16. h4 Bd7 17. h5 h6 18. Rh3 Rac8 19. Qe3 Na5 20. Rg3 Rf7 21. Rg6 Re7 22. Qg3 Kh7 23. Rb4 Nc6 24. Rb2 Nxd4 25. Rxh6+ gxh6 26. Qg6+ Kh8 27. Qxh6+ Kg8 28. c4 dxc4 29. Kc1 Qxe5 30. Rb1 Qe1+ 31. Kb2 Qd2+ 32. Ka1 Nb3+ 33. Rxb3 Qc1+ 0-1

[Event "Kampala Lighthouse op"]
[Site "Kampala"]
[Date "2019.04.12"]
[Round "3.3"]
[White "Were, Samuel"]
[Black "Gonza, Simon"]
[Result "0-1"]
[WhiteElo "1793"]
[BlackElo "2110"]
[PlyCount "80"]
[EventDate "2019.04.11"]
[EventType "swiss"]
[EventRounds "7"]
[EventCountry "UGA"]
[SourceTitle "EXT 2024"]
[Source "ChessBase"]
[SourceDate "2023.10.10"]
[SourceVersion "1"]
[SourceVersionDate "2023.10.10"]
[SourceQuality "1"]

1. e4 e6 2. d4 c5 3. d5 d6 4. c4 exd5 5. exd5 Nf6 6. Bd3 Be7 7. h3 Na6 8. a3 Nc7 9. Nf3 b5 10. b3 0-0 11. 0-0 Re8 12. Qc2 a5 13. Nc3 h6 14. Bb2 Bb7 15. Nd2 a4 16. cxb5 axb3 17. Qxb3 Ncxd5 18. Bc4 Nf4 19. Bxf7+ Kh8 20. f3 d5 21. Bxe8 Qxe8 22. Qc2 d4 23. Nce4 d3 24. Qd1 Qg6 25. Rf2 Nxh3+ 26. Kf1 Nxf2 27. Kxf2 Nxe4+ 28. fxe4 Bxe4 29. Nf3 Bxf3 30. gxf3 Bh4+ 31. Kf1 Qg3 32. Qd2 Re8 33. Qxh6+ Kg8 34. Qxg7+ Qxg7 35. Bxg7 Kxg7 36. Rd1 c4 37. a4 Bd8 38. Kg2 Ba5 39. f4 d2 40. Kf3 Re1 0-1

[Event "Kampala Lighthouse op"]
[Site "Kampala"]
[Date "2019.04.11"]
[Round "2.5"]
[White "Gonza, Simon"]
[Black "Nakabo, Peninah"]
[Result "1-0"]
[WhiteElo "2110"]
[BlackElo "1658"]
[PlyCount "77"]
[EventDate "2019.04.11"]
[EventType "swiss"]
[EventRounds "7"]
[EventCountry "UGA"]
[SourceTitle "EXT 2024"]
[Source "ChessBase"]
[SourceDate "2023.10.10"]
[SourceVersion "1"]
[SourceVersionDate "2023.10.10"]
[SourceQuality "1"]

1. e4 b6 2. d4 Bb7 3. Bd3 e6 4. c4 c5 5. d5 e5 6. f4 d6 7. fxe5 dxe5 8. Nf3 Nd7 9. 0-0 Bd6 10. Qe1 Qe7 11. Qg3 f6 12. Nc3 a6 13. a4 a5 14. Ra3 0-0-0 15. Rb3 Kb8 16. Bd2 g5 17. Nb5 h5 18. Qe1 h4 19. Bxa5 bxa5 20. Qxa5 Nf8 21. Na7 Qc7 22. Nc6+ Kc8 23. Qxc7+ Bxc7 24. Nxd8 Bxd8 25. Nxg5 Bc7 26. Be2 Ng6 27. Bg4+ Kb8 28. Ne6 Bd6 29. Nd8 Rh7 30. Bf5 Rg7 31. Nxb7 Rxb7 32. Rxb7+ Kxb7 33. Bxg6 Be7 34. Bf7 Nh6 35. d6 Bd8 36. Bd5+ Kc8 37. a5 Bxa5 38. Rxf6 Ng4 39. Be6+ 1-0

[Event "Kampala Zabasajja Memorial op"]
[Site "Kampala"]
[Date "2019.03.07"]
[Round "2.6"]
[White "Gonza, Simon"]
[Black "Kaamu, Joseph"]
[Result "1-0"]
[WhiteElo "2109"]
[BlackElo "1762"]
[PlyCount "81"]
[EventDate "2019.03.07"]
[EventType "swiss"]
[EventRounds "8"]
[EventCountry "UGA"]
[SourceTitle "EXT 2024"]
[Source "ChessBase"]
[SourceDate "2023.10.10"]
[SourceVersion "1"]
[SourceVersionDate "2023.10.10"]
[SourceQuality "1"]

1. e4 e6 2. d4 d5 3. Nd2 c5 4. exd5 Qxd5 5. dxc5 Bxc5 6. Ngf3 Nc6 7. c4 Qf5 8. Be2 Nf6 9. 0-0 0-0 10. a3 a5 11. Nh4 Qe5 12. Ndf3 Qc7 13. Qc2 h6 14. Nd2 Nd4 15. Qd1 Rd8 16. Nhf3 Nf5 17. Qc2 e5 18. Ne4 Nxe4 19. Qxe4 f6 20. Bd3 b6 21. Qxa8 Rxd3 22. b4 axb4 23. axb4 Bxb4 24. Qe4 Rd8 25. Ba3 Nd6 26. Qd5+ Nf7 27. Qb5 Bc3 28. Rac1 Ba5 29. Rfd1 Bd7 30. Qb2 e4 31. Nd4 Ne5 32. c5 Nd3 33. Qb3+ Kh7 34. Rc2 Bg4 35. Ne6 Nxc5 36. Rxc5 Bxd1 37. Rxc7 Bxb3 38. Nxd8 b5 39. Rd7 b4 40. Bb2 Ba4 41. Ra7 1-0

[Event "Kampala Zabasajja Memorial op"]
[Site "Kampala"]
[Date "2019.03.07"]
[Round "1.6"]
[White "Namaganda, Christine"]
[Black "Gonza, Simon"]
[Result "0-1"]
[WhiteElo "1570"]
[BlackElo "2109"]
[PlyCount "74"]
[EventDate "2019.03.07"]
[EventType "swiss"]
[EventRounds "8"]
[EventCountry "UGA"]
[SourceTitle "EXT 2024"]
[Source "ChessBase"]
[SourceDate "2023.10.10"]
[SourceVersion "1"]
[SourceVersionDate "2023.10.10"]
[SourceQuality "1"]

1. d4 Nf6 2. Nf3 g6 3. e4 Nxe4 4. Bd3 Nf6 5. Be3 Bg7 6. Qd2 0-0 7. h4 h5 8. Bh6 d6 9. Nc3 Nc6 10. Bxg7 Kxg7 11. a3 e5 12. dxe5 dxe5 13. 0-0-0 a6 14. Qg5 Ng4 15. Qxd8 Rxd8 16. Rd2 f5 17. Ng5 e4 18. Bc4 Rxd2 19. Kxd2 Nxf2 20. Rf1 Ne5 21. Be6 Nfg4 22. Nd5 Bd7 23. Bxd7 Nxd7 24. Ne6+ Kh6 25. Nexc7 Rc8 26. Ne6 Nde5 27. Nef4 Nc4+ 28. Kc1 Nce3 29. Nxe3 Nxe3 30. Rf2 Rd8 31. Rd2 Rxd2 32. Kxd2 Nc4+ 33. Kc3 Nd6 34. Kd4 g5 35. hxg5+ Kxg5 36. Ne2 Kg4 37. b3 Nb5+ 0-1

[Event "Kampala Kireka op 3rd"]
[Site "Kampala"]
[Date "2018.12.29"]
[Round "5"]
[White "Gonza, Simon"]
[Black "Wanyama, Harold"]
[Result "0-1"]
[WhiteElo "2104"]
[BlackElo "2325"]
[PlyCount "76"]
[EventDate "2018.12.27"]
[EventType "swiss"]
[EventRounds "8"]
[EventCountry "UGA"]
[SourceTitle "CBM 188 Extra"]
[Source "ChessBase"]
[SourceDate "2019.02.26"]
[SourceVersion "1"]
[SourceVersionDate "2019.02.26"]
[SourceQuality "1"]

1. d4 d5 2. c4 e6 3. Nc3 Nf6 4. Bg5 c6 5. cxd5 exd5 6. e3 Qb6 7. Qb3 Ne4 8. Nxe4 dxe4 9. Qxb6 axb6 10. Ne2 Be6 11. Nc3 f5 12. a3 Nd7 13. g4 fxg4 14. Bg2 h6 15. Bh4 g5 16. Bg3 h5 17. Nxe4 h4 18. Bd6 h3 19. Bf1 Bd5 20. f3 gxf3 21. Be5 Rh4 22. Nf2 Nxe5 23. dxe5 Bb4+ 24. Kd1 Bb3+ 25. Kc1 Be1 26. Nd3 f2 27. Be2 Bd5 28. Rf1 Bg2 29. Rxf2 Bxf2 30. Nxf2 Ra5 31. Ng4 Ke7 32. Kd2 Rh8 33. b4 Rd5+ 34. Kc3 Rhd8 35. Ra2 Rf8 36. Bc4 Rd1 37. Nf6 Rxf6 38. exf6+ Kxf6 0-1

[Event "UGA-chT"]
[Site "Kampala"]
[Date "2018.06.08"]
[Round "4.4"]
[White "Gonza, Simon"]
[Black "Etoru, Amos"]
[Result "1/2-1/2"]
[WhiteElo "2137"]
[BlackElo "1980"]
[PlyCount "130"]
[EventDate "2018.05.24"]
[EventType "team-swiss"]
[EventRounds "14"]
[EventCountry "UGA"]
[SourceTitle "CBM 187 Extra"]
[Source "ChessBase"]
[SourceDate "2018.11.04"]
[SourceVersion "1"]
[SourceVersionDate "2018.11.04"]
[SourceQuality "1"]
[WhiteTeam "Kireka CC"]
[BlackTeam "Dmark CC"]
[WhiteTeamCountry "UGA"]
[BlackTeamCountry "UGA"]

1. e4 c5 2. Nf3 Nc6 3. Bb5 e6 4. 0-0 Nge7 5. Nc3 a6 6. Bxc6 Nxc6 7. e5 d5 8. exd6 Bxd6 9. Ne4 Be7 10. d3 0-0 11. b3 e5 12. Be3 f5 13. Nc3 f4 14. Bd2 Bg4 15. Ne2 Bxf3 16. gxf3 Qd5 17. Nc3 Qe6 18. Ne4 Qh3 19. Kh1 Rf5 20. Rg1 Nd4 21. Rg2 Nxf3 22. Bxf4 exf4 23. Nd2 Nh4 24. Rg1 Bd6 25. Qg4 Qxg4 26. Rxg4 Ng6 27. Re1 f3 28. Re6 Bc7 29. d4 cxd4 30. Rxd4 Raf8 31. Rd7 R8f7 32. Re8+ Nf8 33. Rd3 g5 34. h3 h5 35. Kg1 g4 36. hxg4 hxg4 37. Rd4 Rg7 38. Rde4 g3 39. Rg4 gxf2+ 40. Kf1 Rfg5 41. Rxg5 Rxg5 42. Nxf3 Rg1+ 43. Kxf2 Rg7 44. Re4 Kf7 45. Nd4 Bb6 46. Ke2 Bxd4 47. Rxd4 Ke6 48. Kd2 Rd7 49. Kc3 Rxd4 50. Kxd4 Kd6 51. c4 Ne6+ 52. Kc3 a5 53. a3 Nd8 54. b4 axb4+ 55. axb4 Ke5 56. Kd3 Ne6 57. Kc3 Ke4 58. Kb3 Kd4 59. c5 Nxc5+ 60. bxc5 Kxc5 61. Ka4 Kc4 62. Ka3 Kc3 63. Ka4 Kc4 64. Ka3 Kc3 65. Ka4 Kc4 1/2-1/2

[Event "Kampala Kawuma op"]
[Site "Kampala"]
[Date "2018.03.10"]
[Round "6"]
[White "Gonza, Simon"]
[Black "Waira, Ibrahim"]
[Result "1/2-1/2"]
[WhiteElo "2129"]
[BlackElo "1850"]
[PlyCount "81"]
[EventDate "2018.03.08"]
[EventType "swiss"]
[EventRounds "8"]
[EventCountry "UGA"]
[SourceTitle "EXT 2019"]
[Source "ChessBase"]
[SourceDate "2018.10.10"]
[SourceVersion "1"]
[SourceVersionDate "2018.10.10"]
[SourceQuality "1"]

1. Nf3 d5 2. g3 Nf6 3. Bg2 c5 4. 0-0 Nc6 5. d3 e5 6. c3 Be7 7. Nbd2 0-0 8. e4 d4 9. c4 h6 10. a3 Be6 11. h3 Nh7 12. Qe2 Rc8 13. Rb1 a5 14. Ne1 Qd7 15. Kh2 g5 16. Ndf3 Kg7 17. Nc2 Rce8 18. b4 axb4 19. axb4 cxb4 20. Bd2 Bxc4 21. Nxb4 Bxb4 22. Bxb4 Nxb4 23. Rxb4 Ba6 24. Nd2 Nf6 25. f4 exf4 26. gxf4 Nd5 27. Rxd4 Nxf4 28. Qe3 Qe7 29. Kh1 Qc5 30. Rf3 Rd8 31. Nb3 Qc2 32. Nd2 Bxd3 33. Rg3 Qd1+ 34. Kh2 Nxg2 35. Rxg5+ hxg5 36. Qxg5+ Kh7 37. Qf5+ Kh6 38. Qf6+ Kh7 39. Qf5+ Kg7 40. Qg5+ Kh7 41. Qf5+ 1/2-1/2

[Event "Kampala Kawuma op"]
[Site "Kampala"]
[Date "2018.03.09"]
[Round "3"]
[White "Akabo, Mike"]
[Black "Gonza, Simon"]
[Result "0-1"]
[WhiteElo "1847"]
[BlackElo "2129"]
[PlyCount "84"]
[EventDate "2018.03.08"]
[EventType "swiss"]
[EventRounds "8"]
[EventCountry "UGA"]
[SourceTitle "EXT 2019"]
[Source "ChessBase"]
[SourceDate "2018.10.10"]
[SourceVersion "1"]
[SourceVersionDate "2018.10.10"]
[SourceQuality "1"]

1. d4 d5 2. Nf3 Nf6 3. Bf4 c6 4. e3 Bg4 5. Be2 e6 6. Nbd2 Bd6 7. c3 Bxf4 8. exf4 Qb6 9. Qb3 Nbd7 10. h3 Bxf3 11. Nxf3 Rc8 12. 0-0 c5 13. Rfe1 0-0 14. Rad1 cxd4 15. Nxd4 g6 16. Bf3 Qxb3 17. axb3 a5 18. Be2 b6 19. Bb5 Nc5 20. g3 Rc7 21. Kg2 Nfe4 22. h4 Kg7 23. Rh1 Nd6 24. Be2 h5 25. Rhe1 Kf6 26. Bf1 Nf5 27. Nxf5 Kxf5 28. Bd3+ Nxd3 29. Rxd3 Rfc8 30. Re5+ Kf6 31. Rd4 Rc5 32. b4 Rb5 33. bxa5 Rxb2 34. axb6 Rxc3 35. b7 Rcc2 36. b8Q Rxb8 37. Rd3 Rbb2 38. Rf3 Ke7 39. f5 gxf5 40. Rfxf5 Kd6 41. Rxh5 Rxf2+ 42. Kh3 f5 0-1

[Event "Kireka op"]
[Site "Kireka"]
[Date "2017.12.30"]
[Round "5"]
[White "Gonza, Simon"]
[Black "Kawuma, Patrick"]
[Result "1/2-1/2"]
[WhiteElo "2111"]
[BlackElo "2330"]
[PlyCount "76"]
[EventDate "2017.12.28"]
[EventType "swiss"]
[EventRounds "8"]
[EventCountry "UGA"]
[SourceTitle "EXT 2019"]
[Source "ChessBase"]
[SourceDate "2018.10.10"]
[SourceVersion "1"]
[SourceVersionDate "2018.10.10"]
[SourceQuality "1"]

1. e4 e6 2. d4 d5 3. Nc3 Bb4 4. e5 c5 5. a3 Bxc3+ 6. bxc3 Qc7 7. Nf3 Ne7 8. Bd3 b6 9. 0-0 Ba6 10. Bxa6 Nxa6 11. a4 cxd4 12. cxd4 0-0 13. Ba3 Rfe8 14. Qd3 Qc4 15. Qxc4 dxc4 16. Bxe7 Rxe7 17. Rfb1 Rb7 18. Nd2 Rc8 19. Ne4 Rbb8 20. Nd6 Rd8 21. c3 Nc7 22. Rb4 Nd5 23. Rxc4 f6 24. g3 fxe5 25. dxe5 Rd7 26. Rb1 Kf8 27. a5 Ke7 28. axb6 axb6 29. Rc6 Rc7 30. Rxc7+ Nxc7 31. Rxb6 Rxb6 32. Nc8+ Kd7 33. Nxb6+ Kc6 34. Na4 Kd5 35. f4 h6 36. Nb2 g5 37. Kg2 Ke4 38. fxg5 hxg5 1/2-1/2

[Event "Kireka op"]
[Site "Kireka"]
[Date "2016.12.18"]
[Round "7"]
[White "Gonza, Simon"]
[Black "Kaamu, Joseph"]
[Result "1-0"]
[WhiteElo "2089"]
[BlackElo "1749"]
[PlyCount "69"]
[EventDate "2016.12.15"]
[EventType "swiss"]
[EventRounds "8"]
[EventCountry "UGA"]
[SourceTitle "EXT 2018"]
[Source "ChessBase"]
[SourceDate "2017.10.13"]
[SourceVersion "1"]
[SourceVersionDate "2017.10.13"]
[SourceQuality "1"]

1. Nf3 Nf6 2. g3 g6 3. Bg2 Bg7 4. 0-0 0-0 5. d3 d5 6. c3 c5 7. Nbd2 Nc6 8. e4 d4 9. c4 e5 10. a3 Bg4 11. h3 Bd7 12. b4 cxb4 13. axb4 Re8 14. b5 Na5 15. Ne1 b6 16. f4 Nh5 17. Qf3 Qc8 18. fxe5 Bxe5 19. Qxf7+ Kh8 20. g4 Be6 21. Qf3 Nf4 22. Rf2 Rf8 23. Qd1 Qc7 24. Ndf3 Nxg2 25. Kxg2 Rf7 26. Bh6 Bg3 27. Rf1 Rd8 28. Rb1 Bc8 29. Nc2 Be5 30. Nxe5 Rxf1 31. Qxf1 Qxe5 32. Qf2 Bb7 33. Qf7 Bxe4+ 34. dxe4 Qxe4+ 35. Kg1 1-0

[Event "Kireka op"]
[Site "Kireka"]
[Date "2016.12.17"]
[Round "6"]
[White "Bibasa, Bob Gilbert"]
[Black "Gonza, Simon"]
[Result "1/2-1/2"]
[WhiteElo "2109"]
[BlackElo "2089"]
[PlyCount "59"]
[EventDate "2016.12.15"]
[EventType "swiss"]
[EventRounds "8"]
[EventCountry "UGA"]
[SourceTitle "EXT 2018"]
[Source "ChessBase"]
[SourceDate "2017.10.13"]
[SourceVersion "1"]
[SourceVersionDate "2017.10.13"]
[SourceQuality "1"]

1. d4 d5 2. Nc3 Nf6 3. Bg5 Nbd7 4. Nf3 h6 5. Bf4 c5 6. e3 a6 7. Be2 e6 8. 0-0 Be7 9. a3 0-0 10. Re1 b5 11. Bf1 Bb7 12. h3 Rc8 13. Ne5 Qb6 14. Ne2 cxd4 15. exd4 a5 16. Ng3 b4 17. Nf5 exf5 18. Nxd7 Nxd7 19. Rxe7 Nf6 20. axb4 axb4 21. Be5 Ne4 22. h4 Rfe8 23. Rxe8+ Rxe8 24. Bf4 Bc6 25. f3 Nf6 26. Qd3 Nh5 27. Qd2 Bb5 28. Bh2 Bxf1 29. Rxf1 Qb5 30. Re1 1/2-1/2

[Event "Kireka op"]
[Site "Kireka"]
[Date "2016.12.16"]
[Round "3"]
[White "Ssentongo, Edward"]
[Black "Gonza, Simon"]
[Result "0-1"]
[WhiteElo "2295"]
[BlackElo "2089"]
[PlyCount "64"]
[EventDate "2016.12.15"]
[EventType "swiss"]
[EventRounds "8"]
[EventCountry "UGA"]
[SourceTitle "EXT 2018"]
[Source "ChessBase"]
[SourceDate "2017.10.13"]
[SourceVersion "1"]
[SourceVersionDate "2017.10.13"]
[SourceQuality "1"]

1. d4 Nf6 2. c4 c5 3. Nf3 g6 4. Nc3 Bg7 5. e4 cxd4 6. Nxd4 d6 7. Be2 0-0 8. 0-0 Nc6 9. Be3 Bd7 10. Rc1 a6 11. h3 Rc8 12. Qd2 Qa5 13. f4 Rfe8 14. Kh2 b5 15. cxb5 Nxd4 16. Bxd4 axb5 17. a3 Nxe4 18. Qe3 Bxd4 19. Qxd4 Nxc3 20. Rxc3 Rxc3 21. Qxc3 Qxc3 22. bxc3 Rc8 23. Rf3 d5 24. Rd3 e6 25. Kg1 Ra8 26. Rd4 Rxa3 27. Rb4 Rxc3 28. Bxb5 Bxb5 29. Rxb5 Kg7 30. Kf2 h5 31. g3 h4 32. gxh4 Rxh3 0-1

[Event "Olympiad-42"]
[Site "Baku"]
[Date "2016.09.13"]
[Round "11.3"]
[White "Gonza, Simon"]
[Black "Dive, Russell John"]
[Result "1/2-1/2"]
[WhiteElo "2096"]
[BlackElo "2309"]
[PlyCount "145"]
[EventDate "2016.09.02"]
[EventType "team-swiss"]
[EventRounds "11"]
[EventCountry "AZE"]
[SourceTitle "CBM 175"]
[Source "ChessBase"]
[SourceDate "2016.11.10"]
[SourceVersion "1"]
[SourceVersionDate "2016.11.10"]
[SourceQuality "1"]
[WhiteTeam "Uganda"]
[BlackTeam "New Zealand"]
[WhiteTeamCountry "UGA"]
[BlackTeamCountry "NZL"]

1. Nf3 Nf6 2. g3 d5 3. Bg2 c6 4. 0-0 h6 5. d3 Bf5 6. Nbd2 e6 7. c4 Be7 8. Qb3 Qc7 9. Rd1 a5 10. Nf1 a4 11. Qc2 a3 12. b3 Na6 13. Bf4 Qb6 14. Be3 c5 15. cxd5 exd5 16. Bd2 d4 17. Ne5 Nb4 18. Bxb4 Qxb4 19. Qc4 Qxc4 20. bxc4 Ra7 21. Rab1 Bd6 22. Nf3 0-0 23. N1d2 Re8 24. Kf1 Bd7 25. Ne1 Rb8 26. Rb3 b5 27. cxb5 Rxb5 28. Rxb5 Bxb5 29. Rb1 Bd7 30. Nc4 Bc7 31. Nc2 Ba5 32. Rb8+ Kh7 33. Ra8 Rxa8 34. Bxa8 Bb4 35. N2xa3 Ba4 36. Nb6 Bxa3 37. Nxa4 Ne8 38. Ke1 Nd6 39. Bc6 f5 40. Kd2 c4 41. dxc4 Nxc4+ 42. Kc2 Ne5 43. Bb5 Ng4 44. Nb2 Nxf2 45. Nc4 Bc5 46. Bc6 Kg6 47. Ne5+ Kh7 48. a4 Bd6 49. Nc4 Bb8 50. Bf3 g5 51. a5 g4 52. Bg2 h5 53. a6 Kh6 54. Ne5 Ba7 55. Nc6 Bb6 56. a7 Bxa7 57. Nxa7 Kg5 58. Nb5 f4 59. Nxd4 fxg3 60. hxg3 h4 61. Ne6+ Kf5 62. Nd4+ Kg5 63. Ne6+ Kf5 64. gxh4 Kxe6 65. Kd2 Kf5 66. Ke1 g3 67. Bf3 Ng4 68. Bxg4+ Kxg4 69. Kf1 Kxh4 70. Kg2 Kg4 71. e4 Kf4 72. e5 Kxe5 73. Kxg3 1/2-1/2